000 01052cam a2200253 a 4500
999 _c127876
_d127876
001 12124845
003 ARRUPE
005 20180406125114.0
008 000731r20011986ilu b 001 0 eng
010 _a 00061953
020 _a0252069544 (pbk. : alk. paper)
040 _aDLC
_cDLC
_dDLC
050 0 0 _aB945.D44
_bS58 2001
082 0 0 _a191
_221
100 1 _aSleeper, R. W.,
_d1925-
_941344
245 1 4 _aThe necessity of pragmatism :
_bJohn Dewey's conception of philosophy /
_cR.W. Sleeper ; introduction by Tom Burke.
250 _a1st pbk. ed.
260 _aUrbana :
_bUniversity of Illinois Press,
_c2001.
300 _axxviii, 326 p. ;
_c24 cm.
500 _aOriginally published: New Haven : Yale University Press, c1986.
504 _aIncludes bibliographical references (p. 215-229) and index.
600 1 0 _aDewey, John,
_d1859-1952.
_9611
906 _a7
_bcbc
_corignew
_d1
_eocip
_f20
_gy-gencatlg
942 _2lcc
_cMONOGRAPH